Psicopedagogía de la actividad física y el deporte (Registro nro. 7019)
[ vista simple ]
| 000 -CABECERA | |
|---|---|
| campo de control de longitud fija | 01005aam a2200349 4500 |
| 005 - FECHA Y HORA DE ACTUALIZACIÓN | |
| campo de control | 20170210160011.0 |
| 008 - LONGITUD FIJA | |
| campo de control de longitud fija | 150730b xxu||||| |||| 00| 0 spa d |
| 041 ## - IDIOMA | |
| Código de idioma del texto/pista de sonido o título separado | |
| 082 ## - CLASIFICACIÓN DECIMAL DEWEY | |
| Número de clasificación | 155.51 G958p |
| 100 ## - AUTOR PERSONAL | |
| Nombre de persona | Guillén García, Félix |
| 245 ## - TÍTULO PROPIAMENTE DICHO | |
| Título | Psicopedagogía de la actividad física y el deporte |
| 260 ## - PIE DE IMPRENTA | |
| Lugar de publicación, distribución, etc. | Colombia |
| 260 ## - PIE DE IMPRENTA | |
| Nombre del editor, distribuidor, etc. | Kenesis |
| 260 ## - PIE DE IMPRENTA | |
| Fecha de publicación, distribución, etc. | 2003 |
| 300 ## - DESCRIPCIÓN FÍSICA | |
| Extensión | 236 páginas |
| 650 ## - Materia General | |
| Materia general | PSICOPEDAGOGÍA |
| 650 ## - Materia General | |
| Materia general | ACTIVIDAD FÍSICA |
| 650 ## - Materia General | |
| Materia general | DEPORTE |
| 650 ## - Materia General | |
| Materia general | INFANCIA |
| 650 ## - Materia General | |
| Materia general | PREESCOLAR |
| 650 ## - Materia General | |
| Materia general | DESARROLLO FÍSICO |
| 650 ## - Materia General | |
| Materia general | DESARROLLO PSICOMOTOR |
| 650 ## - Materia General | |
| Materia general | DESARROLLO COGNITIVO |
| 650 ## - Materia General | |
| Materia general | DESARROLLO DE LA PERSONALIDAD |
| 650 ## - Materia General | |
| Materia general | DESARROLLO SOCIAL |
| 650 ## - Materia General | |
| Materia general | DESARROLLO MORAL |
| 650 ## - Materia General | |
| Materia general | ADOLESCENCIA |
| 650 ## - Materia General | |
| Materia general | DESARROLLO NEUROLÓGICO |
| 650 ## - Materia General | |
| Materia general | ANSIEDAD |
| 650 ## - Materia General | |
| Materia general | AUTOCONCEPTO |
| 942 ## - Punto de Acceso Adicional Koha | |
| Tipo de ítem Koha | Libro |
| Estado perdido | Estado dañado | No para préstamo | Biblioteca permanente | Biblioteca actual | Signatura completa | Código de barras | Precio efectivo a partir del | Tipo de ítem |
|---|---|---|---|---|---|---|---|---|
| Departamento de Biblioteca y Documentación Alfonso Chase Brenes | Departamento de Biblioteca y Documentación Alfonso Chase Brenes | 155.51 G958p | 16910 | 10/02/2017 | Libro |